000 00272nam a22001097a 4500
008 170117b xxu||||| |||| 00| 0 eng d
020 _a9781451100655
041 _aeng
080 _24TH
_a618.2
245 _aCOMPREHENSIVE MEDICAL ASSISTING
_cKRONENBERGER, J
942 _2udc
_cBK
999 _c3033
_d3033